书目信息 |
| 题名: |
粉煤燃烧与气化
|
|
| 作者: | Smoot , Pratt 著 ;傅维标 , 卫景彬 译 | |
| 分册: | ||
| 出版信息: | 北京 清华大学出版社 1983 |
|
| 页数: | 438页 | |
| 开本: | 20cm | |
| 丛书名: | ||
| 单 册: | ||
| 中图分类: | TF05 | |
| 科图分类: | ||
| 主题词: | 冶金燃料 , 冶金燃料--燃烧 | |
| 电子资源: | ||
| ISBN: | ||
| 000 | 00625nam0 2200229 45 | |
| 001 | 0312221749 | |
| 005 | 20060523092508.01 | |
| 010 | @dCNY1.70 | |
| 100 | @a20031222d1983 km y0chiy0120 ea | |
| 101 | @achi | |
| 200 | 1 | @a粉煤燃烧与气化@AFen Mei Ran Shao Yu Qi Hua@fL.D.Smoot,D.T.Pratt著@FL.D.Smoot,D.T.Pratt zhu@g傅维标,卫景彬译 |
| 210 | @a北京@c清华大学出版社@d1983 | |
| 215 | @a438页@d20cm | |
| 606 | 0 | @a冶金燃料 |
| 606 | 0 | @a冶金燃料@x燃烧 |
| 690 | @aTF05@v3 | |
| 701 | 0 | @aSmoot@4著 |
| 701 | 0 | @aPratt@4著 |
| 702 | 0 | @a傅维标@4译 |
| 702 | 0 | @a卫景彬@4译 |
| 801 | @aCN@bTSTCL@c20060523 | |
| 905 | @a213230@dTF05@e5 | |
| 粉煤燃烧与气化/L.D.Smoot,D.T.Pratt著/傅维标,卫景彬译.-北京:清华大学出版社,1983 |
| 438页;20cm |
| ISBN :CNY1.70 |
| ● |
| 相关链接 |
|
|
|
|
正题名:粉煤燃烧与气化
索取号:TF05/5
 
预约/预借
| 序号 | 登录号 | 条形码 | 馆藏地/架位号 | 状态 | 备注 |
| 1 | 0173345 | 202371389 | 密集书库/ [索取号:TF05/5] | 在馆 | |
| 2 | 0173346 | 001361902 | 第三借阅区/ [索取号:TF05/5] | 在馆 | |
| 3 | 0173347 | 202178213 | 密集书库/ [索取号:TF05/5] | 在馆 | |
| 4 | 0173348 | 202391606 | 密集书库/ [索取号:TF05/5] | 在馆 | |
| 5 | 0173349 | 001361868 | 第二样本阅览室/ [索取号:TF05/5] | 在馆 |